Business Analytics for Decisio Making/ (Record no. 175368)

MARC details
000 -LEADER
fixed length control field 00598nam a22001817a 4500
005 - DATE AND TIME OF LATEST TRANSACTION
control field 20200826155046.0
010 ## - LCCN (DPL NO)
LC control number ENG-128381
020 ## - INTERNATIONAL STANDARD BOOK NUMBER
Terms of availability 499.00
International Standard Book Number 9789353948436
035 ## - SYSTEM CONTROL NUMBER
System control number EN-111913
037 ## - SOURCE OF ACQUISITION
Source of stock number/acquisition DBAD/PUB
082 ## - DEWEY DECIMAL CLASSIFICATION NUMBER
Classification number 658.4033
100 ## - MAIN ENTRY--PERSONAL NAME
Personal name Mathew,Regi
245 ## - TITLE STATEMENT
Title Business Analytics for Decisio Making/
Statement of responsibility, etc by Regi Mathew
260 ## - PUBLICATION, DISTRIBUTION, ETC. (IMPRINT)
Place of publication, distribution, etc Noida
Name of publisher, distributor, etc Pearson
Date of publication, distribution, etc 2020
270 ## - ADDRESS
Address 15th floor,Tower-B,Word Trade Tower,Plot no.1,Block-C sec 16,
City Noida
Postal code 201301
Telephone number 04466540100
Electronic mail address companysecretary.india@pearson.com
300 ## - PHYSICAL DESCRIPTION
Extent 320p.
Dimensions 25cm(pbk)
942 ## - ADDED ENTRY ELEMENTS (KOHA)
Source of classification or shelving scheme Dewey Decimal Classification
Item type English Books
Classification part 658.4033
Call number suffix MAT
Holdings
Withdrawn status Lost status Not for loan Collection code Home library Current library Date acquired Source of acquisition Cost, normal purchase price Full call number Barcode Copy number Cost, replacement price Koha item type
      Non-fiction Andrews Gunj Andrews Gunj 26/08/2020 DBAD/PUB 499.00 658.4033 MAT EN-111913 1 499.00 English Books

© Delhi Public Library
Hit Counter
free hit counter